Coupes du Monde de Football: Argentine - Statistiques

Statistiques générales
  • Ce quiz a été pris 309 fois
    195 depuis la dernière actualisation
  • Le résultat moyen est 30 sur 40
Statistiques - réponses
Réponse % Correct
France
99%
Allemagne
98%
RDA
98%
RFA
98%
Mexique
95%
Brésil
93%
Pays-Bas
93%
Pologne
93%
Angleterre
91%
Italie
91%
Croatie
90%
Uruguay
90%
Belgique
88%
Espagne
88%
Arabie Saoudite
86%
Etats-Unis
86%
Suisse
86%
URSS
85%
Suède
81%
Japon
80%
Nigeria
80%
Serbie-et-Monténégro
80%
Yougoslavie
80%
Chili
76%
Corée du Sud
76%
Iran
75%
Islande
70%
Cameroun
68%
Tchécoslovaquie
68%
Hongrie
66%
Grèce
64%
Pérou
64%
Bosnie Herzégovine
59%
Côte d'Ivoire
56%
Bulgarie
55%
Roumanie
54%
Irlande du Nord
47%
Jamaïque
37%
Haïti
22%
Salvador
21%
Aucun quiz correspondant
Distribution des résultats
% des personnes avec chaque résultat
Percentile par nombre de réponses
Votre historique - résultats
Vous n’avez pas pris ce quiz depuis la dernière actualisation